| 000 | 00580nam a2200193 i 4500 | ||
|---|---|---|---|
| 001 | 41295 | ||
| 003 | ES-MaACL | ||
| 007 | t| | ||
| 008 | 030310s1983 sp ||||1| spa d | ||
| 100 | 1 |
_aCasey, James. _936307 |
|
| 245 | 1 | 3 |
_aEl Reino de Valencia en el siglo XVII / _cpor James Casey ; [traducción de Juan Facilacasta]. |
| 260 |
_a[Madrid, etc.] : _bSiglo Veintiuno, _c[1983] |
||
| 300 |
_a281 p. ; _c21 cm. |
||
| 490 | 1 | _aHistoria | |
| 700 | 1 |
_aFacilacasta, Juan. _948600 |
|
| 830 | 0 |
_aHistoria _9177536 |
|
| 852 |
_aES-MaACL _jL-4992 _bR.105093 |
||
| 999 |
_c41295 _d41295 |
||